|
|
|
|
| LEADER |
02649nam a2200673 a 4500 |
| 001 |
nkc20132455138 |
| 003 |
CZ PrNK |
| 005 |
20130523140524.0 |
| 007 |
ta |
| 008 |
130408s2013 xr ach e 001 0bcze |
| 015 |
|
|
|a cnb002455138
|
| 020 |
|
|
|a 978-80-86495-97-2
|q (brož.)
|
| 035 |
|
|
|a (OCoLC)842346595
|
| 040 |
|
|
|a ABA001
|b cze
|
| 041 |
1 |
|
|a cze
|a ger
|h cze
|
| 043 |
|
|
|a e-cs---
|a e-xr---
|b e-xr-pg
|a e-gx---
|2 czenas
|
| 045 |
|
|
|a w8x4
|
| 072 |
|
7 |
|a 617
|x Ortopedie. Chirurgie. Oftalmologie
|2 Konspekt
|9 14
|
| 072 |
|
7 |
|a 929
|x Biografie
|2 Konspekt
|9 8
|
| 080 |
|
|
|a 617-089-051
|2 MRF
|
| 080 |
|
|
|a 929
|2 MRF
|
| 080 |
|
|
|a 61(091)
|2 MRF
|
| 080 |
|
|
|a 94(100)"1939/1945"
|2 MRF
|
| 080 |
|
|
|a (=162.3):(=112.2)
|2 MRF
|
| 080 |
|
|
|a (430.246)
|2 MRF
|
| 080 |
|
|
|a (437.311)
|2 MRF
|
| 080 |
|
|
|a (437)
|2 MRF
|
| 080 |
|
|
|a (092)
|2 MRF
|
| 245 |
0 |
0 |
|a Osud jednoho chirurga ve 20. století =
|b Ein Chirurgenschicksal im 20. Jahrhundert : Josef Hohlbaum (1884-1945) /
|c Josef Stingl ... [et al.]
|
| 246 |
3 |
0 |
|a Josef Hohlbaum (1884-1945)
|
| 246 |
3 |
1 |
|a Chirurgenschicksal im 20. Jahrhundert
|
| 260 |
|
|
|a Praha :
|b Masarykův ústav a Archiv AV ČR,
|c 2013
|
| 300 |
|
|
|a 362 s. :
|b il., portréty, faksim. ;
|c 21 cm
|
| 504 |
|
|
|a Obsahuje bibliografii, bibliografické odkazy a rejstřík
|
| 546 |
|
|
|a Souběžný německý text
|
| 600 |
1 |
7 |
|a Hohlbaum, Josef,
|d 1884-1945
|7 xx0116883
|2 czenas
|
| 648 |
|
4 |
|a 1884-1945
|
| 648 |
|
7 |
|a 19.-20. století
|7 ch757015
|2 czenas
|
| 650 |
0 |
7 |
|a chirurgové
|7 ph119175
|z Německo
|y 19.-20. stol.
|2 czenas
|
| 650 |
0 |
7 |
|a chirurgové
|7 ph119175
|z Česko
|y 19.-20. stol.
|2 czenas
|
| 650 |
0 |
7 |
|a druhá světová válka (1939-1945)
|7 ph117270
|z Československo
|2 czenas
|
| 650 |
0 |
7 |
|a Češi a Němci
|7 ph135237
|y 19.-20. stol.
|2 czenas
|
| 650 |
0 |
9 |
|a surgeons
|z Germany
|y 19th-20th centuries
|2 eczenas
|
| 650 |
0 |
9 |
|a surgeons
|z Czechia
|y 19th-20th centuries
|2 eczenas
|
| 650 |
0 |
9 |
|a World War, 1939-1945
|z Czechoslovakia
|2 eczenas
|
| 650 |
0 |
9 |
|a Czechs and Germans
|y 19th-20th centuries
|2 eczenas
|
| 655 |
|
7 |
|a biografie
|7 fd131909
|2 czenas
|
| 655 |
|
9 |
|a biography
|2 eczenas
|
| 651 |
|
7 |
|a Lipsko (Německo)
|7 ge129837
|2 czenas
|
| 651 |
|
7 |
|a Praha (Česko)
|7 ge118011
|2 czenas
|
| 651 |
|
9 |
|a Leipzig (Germany)
|2 eczenas
|
| 651 |
|
9 |
|a Prague (Czechia)
|2 eczenas
|
| 700 |
1 |
|
|a Stingl, Josef,
|d 1940-
|7 nlk19990073895
|4 aut
|
| 910 |
2 |
|
|a BOA001
|b 2-1305.182
|
| 990 |
|
|
|a BK
|
| 995 |
|
|
|a 01
|
| 991 |
|
|
|b 201304
|c NOV
|e n
|
| 996 |
6 |
|
|b 2610547812
|c 2-1305.182
|l MZK
|r Sklad / do 1 hodiny
|n 1
|p p.v.
|w 001323118
|u 000020
|a 1
|e BOA001
|j MZK50
|s P
|
| 996 |
7 |
|
|b 2610550126
|c 2-1305.182
|l MZK
|r Sklad / do 1 hodiny
|n 1
|p kup
|w 001323118
|u 000030
|a 1
|e BOA001
|j MZK50
|s A
|